000 00608nam a2200241Ia 4500
003 OSt
005 20220918214523.0
006 a|||||r|||| 00| 0
007 ta
008 220917b |||||||| |||| 00| 0 eng d
024 _a137,831
037 _cTextual
040 _aARTS
_cARTS
_beng
041 _2eng
_aeng
082 _aY:1z7, H8
100 _aEliot T S
245 0 _aNotes towards the defination of culture
260 _aLondon
_bFaber and Faber
_c1948
300 _a124p.
_ccm.
650 _aSOCIOLOGY
942 _hY:1z7, H8
_cTEXL
_2CC
999 _c260905
_d260905